000 00333 a2200157 4500
001 177794
020 _a
040 _cMagnum
100 _aBonjorno, José Roberto
240 1 0 _aTemas de fisica/v.2
_lpor
245 1 0 _aTemas de fisica/v.2
362 0 _a1899
440 1 _aFTD
697 _aMAGNITO: PARADIDATICOS
942 _cBK
999 _c177794
_d177794